00702cam a22002054a 450000500170000000800390001702000180005602000180007404000510009204100080014310000250015124500810017626000600025730000430031750400530036065000320041365100190044565100110046465100210047520140903175021.0140208s2009 xxud fr 001 0 eng a9781588266187 a9781588266224 aCO-BoUCMbspacJose A. GerenadDiana Londoño aeng1 aSnyder, Scottd1964-10aChina's rise and the two Koreasbpolitics, economics, securitycScott Snyder aBoulder (Colorado, Estados Unidos)bLynne riennerc2009 axi, 241 páginasbcuadros, gráficas aIncluye referencias bibliográficas e índices 7aRelaciones internacionales  4aCorea del Sur  4aChina  4aCorea del Norte